00504 2200193 4500001002100000005001500021035002000036007000300056008004100059082001100100084001700111100002000128245004200148250001200190260003500202300002300237600004200260856000800302INLIS00000000000023320260227074207 a0010-0226000124ta260227 0  a297.01 a297.01 IMA m0 aIMAM AL-GHAZALI1 aMEMBERSIHKAN HATI DARI AKHLAK TERCELA aPERTAMA aSurabaya :bAMPEL MULIA,c2003 a127 hlm ;c20,5 cm 4aMEMBERSIHKAN HATI DARI AKHLAK TERCELA a200